Archiv für rechts-und sozialphilosophie bibliographie und dokumentation, 1907-2009

Guardat en:
Dades bibliogràfiques
Autor principal: Ziemann, Sascha (Autor)
Format: Llibre
Idioma:alemany
Publicat: Stuttgart Franz Steiner 2010
Col·lecció:ARSP Beiheft, 123
Matèries:
Etiquetes: Afegir etiqueta
Sense etiquetes, Sigues el primer a etiquetar aquest registre!

MARC

LEADER 00000nam a2200000 a 4500
001 UCG5658
003 CL-VaPUC
008 110310e20100000GW |||||||||||||||||ger|d
020 |a 9783515097192 
082 0 4 |a 340.12  |b ZIE  |2 21 
100 0 |a Ziemann, Sascha  |e author  |9 555391 
245 1 0 |a Archiv für rechts-und sozialphilosophie bibliographie und dokumentation, 1907-2009 
300 |a 434 p 
942 |c BK 
945 |d 20110310 00:00:00  |a jcampos 
260 |a Stuttgart  |b Franz Steiner  |c 2010 
650 0 |a Filosofía del derecho   |9 255050 
650 0 |a Catálogos  |9 256258 
650 0 |a Bibliografías   |9 257071 
583 |a last modification  |c 20110310 00:00:00  |k Rodrigo Vera 
490 0 |a ARSP Beiheft, 123 
999 |c 344061  |d 344059 
952 |0 0  |1 0  |4 0  |6 340_120000000000000_ZIE_2010  |7 0  |8 A  |9 441830  |a BIBDER  |b BIBDER  |d 2019-11-22  |i 4754751  |o 340.12 ZIE 2010  |p 4754751  |r 2023-01-25  |w 2019-11-22  |y BK  |k DER